Understanding and guiding teen-agers. (Record no. 14756)

000 -LEADER
fixed length control field 00615nam a2200193 a 4500
001 - CONTROL NUMBER
control field :::00012590$&:&@@
003 - CONTROL NUMBER IDENTIFIER
control field OkBaRHE
005 - DATE AND TIME OF LATEST TRANSACTION
control field 20000607103420.0
008 - FIXED-LENGTH DATA ELEMENTS--GENERAL INFORMATION
fixed length control field s1962 j 000 0 eng u
040 ## - CATALOGING SOURCE
Transcribing agency
100 1# - MAIN ENTRY--PERSONAL NAME
Personal name Narramore, Clyde Maurice, 1916-
245 10 - TITLE STATEMENT
Title Understanding and guiding teen-agers.
260 ## - PUBLICATION, DISTRIBUTION, ETC. (IMPRINT)
Place of publication, distribution, etc Grand Rapids, MI., :
Name of publisher, distributor, etc Zondervan Publishing House
Date of publication, distribution, etc 1962
300 ## - PHYSICAL DESCRIPTION
Extent 46 p. : illus. ;
Dimensions 22 cm.
650 ## - SUBJECT ADDED ENTRY--TOPICAL TERM
Topical term or geographic name as entry element Adolescence
650 ## - SUBJECT ADDED ENTRY--TOPICAL TERM
Topical term or geographic name as entry element Adolescent Psychology
942 ## - ADDED ENTRY ELEMENTS (KOHA)
Source of classification or shelving scheme
Koha item type Books
Copies
Copy number Koha item type Withdrawn status Not for loan Date last seen Date acquired Damaged status Source of classification or shelving scheme Barcode Full call number Lost status Permanent Location Shelving location Price effective from
1Books  2010-04-142010-04-14  12590HQ 793 .N298 RHEMA Bible Training CollegeGeneral Stacks2010-04-14